000 00923nac a22002897a 4500
001 BR0003817
003 BR-BrBNA
005 20240105122449.0
008 230509b bl.|||m| |||| 00| 0 por d
040 _aBR-BrBNA
_bpor
_cBiblioteca Nacional de Agricultura
072 _aL72; L73
090 _a5250 BR0003817
100 1 _aCavalcante, A.C.R.
100 1 _aAlves, F.S.F.
100 1 _aNascimento, E.R.
110 1 _aCentro Nacional de Pesquisa de Caprinos, Sobral, CE (Brasil)
_91759
245 1 _aAcaros do conduto auditivo de caprinos e infeccao por Mycoplasma
260 3 _aSobral, CE (Brasil):
_c1999.
300 _a2 p.
490 _aPesquisa em Andamento - Centro Nacional de Pesquisa de Caprinos (Brazil)
_vno. 23
_xISSN 0100-8366
650 _aCaprino
650 _aAcaro
650 _aMicoplasmose
650 _aOuvido
909 _a202312
_bLúcia Elande
_c55
_dLúcia Elande
942 _2AGRIS
_n0
_cMS
999 _c291167
_d291167